Effect of Different Irrigation and Fertigation Levels on Yield of Cowpea under Polyhouse (Record no. 14778)
[ view plain ]
| 000 -LEADER | |
|---|---|
| fixed length control field | 01604nam a22002057a 4500 |
| 003 - CONTROL NUMBER IDENTIFIER | |
| control field | OSt |
| 082 ## - DEWEY DECIMAL CLASSIFICATION NUMBER | |
| Classification number | 631 |
| 088 ## - REPORT NUMBER | |
| Report number | 258 |
| 100 ## - MAIN ENTRY--AUTHOR NAME | |
| Personal name | Meera T. Balan |
| 100 ## - MAIN ENTRY--AUTHOR NAME | |
| Personal name | Sajna A |
| 100 ## - MAIN ENTRY--AUTHOR NAME | |
| Personal name | Swetha K.P |
| 245 ## - TITLE STATEMENT | |
| Title | Effect of Different Irrigation and Fertigation Levels on Yield of Cowpea under Polyhouse |
| 260 ## - PUBLICATION, DISTRIBUTION, ETC. (IMPRINT) | |
| Place of publication | K.C.A.E.T Thavanur |
| Name of publisher | Kerala Agricultural University |
| 300 ## - PHYSICAL DESCRIPTION | |
| Number of Pages | 55 |
| 650 ## - SUBJECT ADDED ENTRY--TOPICAL TERM | |
| Topical Term | Fertigation Levels/ Irrigation-treatment/ Polyhouse Cultivation/ Cow Pea Cultivation/ Claimatic Condition/ Temperature - Polyhouse/ Humidity- Polyhouse/ Dry Irrigation |
| 700 ## - ADDED ENTRY--PERSONAL NAME | |
| Personal name | Er. Anu Varughese |
| 856 ## - ELECTRONIC LOCATION AND ACCESS | |
| Uniform Resource Identifier | 258 |
| 942 ## - ADDED ENTRY ELEMENTS (KOHA) | |
| Koha item type | Project Report |
| Collection code | Home library | Current library | Shelving location | Full call number | Accession Number | Koha item type |
|---|---|---|---|---|---|---|
| Reference | KAUAET | KAUAET | Reference | 631.587 MEE/EF | T 258 | Project Report |
